| 000 | 00799nam a2200229 a 4500 | ||
|---|---|---|---|
| 999 |
_c12380 _d12380 |
||
| 001 | 12380 | ||
| 003 | BD-JhCC | ||
| 005 | 20221011134023.0 | ||
| 008 | 220125b2019 bg |||| ||a| 000 0 ben d | ||
| 035 | _a(BD-JhCC)12380 | ||
| 040 |
_aBD-JhCC _dBD-JhCC |
||
| 041 | _aBengali | ||
| 082 |
_a299.31 _bKHA 2019 |
||
| 100 | _aখান,ডক্টর মুহাম্মদ জয়নুল আবেদীন | ||
| 245 |
_aরূহের সায়ির বা আত্মার বিচরণ / _cডক্টর মুহাম্মদ জয়নুল আবেদীন খান। |
||
| 260 |
_aঢাকা: _bদারুত তাকবীর; _c২০১৯. |
||
| 300 |
_a640. P : _c24 cm. |
||
| 650 | _aEschatology | ||
| 650 | _aSoul | ||
| 942 |
_2ddc _cBK _01 |
||